000 00450nam a2200181Ia 4500
001 23238
005 20260414150924.0
008 260414t2016||||xx |||||||||||||| ||spa||
041 _aESP
082 _a627.13
_bD281
100 _aDuarte Agudelo, Carlos Arturo
_eAUT
245 0 _aIntroducción a la hidráulica de canales
_b
260 _c2016
300 _a334 páginas :
_c24 cm.
650 _a0
654 _aCIC
942 _cLIB
_dJUS
_fJUS
_2ddc
_n
999 _c23238
_d23238